Особенности ценообразования на рынках монополий; Энергия молодых - экономике России; Ч. 2

Dades bibliogràfiques
Parent link:Энергия молодых - экономике России: труды IX Международной научно-практической конференции студентов и молодых ученых, г. Томск, 19-22 мая 2008 г./ Томский политехнический университет (ТПУ) ; Вольное экономическое общество России ; Международный союз экономистов (МСЭ).— , 2008
Ч. 2.— 2008.— С. 23-26
Autor principal: Бойков Д. А.
Altres autors: Мациевский Н. С. (научный руководитель)
Idioma:rus
Publicat: 2008
Matèries:
Format: MixedMaterials Capítol de llibre
KOHA link:https://koha.lib.tpu.ru/cgi-bin/koha/opac-detail.pl?biblionumber=158972

MARC

LEADER 00000naa2a2200000 4500
001 158972
005 20231031154848.0
035 |a (RuTPU)RU\TPU\book\172415 
090 |a 158972 
100 |a 20090430d2008 k y0rusy50 ca 
101 0 |a rus 
102 |a RU 
200 1 |a Особенности ценообразования на рынках монополий  |f Д. А. Бойков, Н. С. Мациевский  |g науч. рук. Н. С. Мациевский 
461 1 |0 (RuTPU)RU\TPU\book\166087  |t Энергия молодых - экономике России  |o труды IX Международной научно-практической конференции студентов и молодых ученых, г. Томск, 19-22 мая 2008 г.  |f Томский политехнический университет (ТПУ) ; Вольное экономическое общество России ; Международный союз экономистов (МСЭ)  |d 2008 
463 0 |0 (RuTPU)RU\TPU\book\167192  |t Ч. 2  |v С. 23-26  |d 2008 
610 1 |a цена 
610 1 |a ценообразование 
610 1 |a монополии 
610 1 |a монополизм 
610 1 |a теория монополии 
610 1 |a естественные монополии 
610 1 |a легальные монополии 
610 1 |a искусственные монополии 
610 1 |a картели 
610 1 |a синдикаты 
610 1 |a тресты 
610 1 |a многоотраслевые концерны 
610 1 |a труды учёных ТПУ 
700 1 |a Бойков  |b Д. А. 
701 1 |a Мациевский  |b Н. С. 
702 1 |a Мациевский  |b Н. С.  |4 727 
801 1 |a RU  |b 63413507  |c 20090430  |g PSBO 
801 2 |a RU  |b 63413507  |c 20161122  |g PSBO 
942 |c BK